Contractual procedures in the construction industry (Record no. 116158)

MARC details
000 -LEADER
fixed length control field 01417cam a2200313 4500
001 - CONTROL NUMBER
control field L159932
008 - FIXED-LENGTH DATA ELEMENTS--GENERAL INFORMATION
fixed length control field 180406n2018 000 0 eng u
020 ## - INTERNATIONAL STANDARD BOOK NUMBER
International Standard Book Number 9781138693937
020 ## - INTERNATIONAL STANDARD BOOK NUMBER
International Standard Book Number 97813115529059
035 ## - SYSTEM CONTROL NUMBER
System control number (Sirsi) u159932
041 0# - LANGUAGE CODE
Language code of text/sound track or separate title eng
050 04 - LIBRARY OF CONGRESS CALL NUMBER
Classification number 692.8 $2 18
100 1# - MAIN ENTRY--PERSONAL NAME
Personal name Ashworth, Allan
245 00 - TITLE STATEMENT
Title Contractual procedures in the construction industry
Medium [electronic source]
250 ## - EDITION STATEMENT
Edition statement 7th ed.
260 ## - PUBLICATION, DISTRIBUTION, ETC.
Place of publication, distribution, etc. Abingdon
Name of publisher, distributor, etc. Routledge
Date of publication, distribution, etc. 2018
505 2# - FORMATTED CONTENTS NOTE
Formatted contents note Contract law -- Procurement -- Process and parties -- Principles of the conditions of contract.
520 ## - SUMMARY, ETC.
Summary, etc. Provides students with a comprehensive understanding of the subject. It reinforces the changes that are taking place within the construction industry, such as how it is organised and the way in which consultants, contractors, subcontractors and all of those involved in the supply chain obtain work. It covers principles involved in contractual and procurement arrangements in the construction industry.
520 ## - SUMMARY, ETC.
Summary, etc. Supersedes 6th edition (ISBN 9780273745600)
650 24 - SUBJECT ADDED ENTRY--TOPICAL TERM
Topical term or geographic name entry element SUPPLY CHAIN MANAGEMENT
650 24 - SUBJECT ADDED ENTRY--TOPICAL TERM
Topical term or geographic name entry element PUBLIC PRIVATE PARTNERSHIPS
650 24 - SUBJECT ADDED ENTRY--TOPICAL TERM
Topical term or geographic name entry element PFI
650 24 - SUBJECT ADDED ENTRY--TOPICAL TERM
Topical term or geographic name entry element FLUCTUATIONS
650 24 - SUBJECT ADDED ENTRY--TOPICAL TERM
Topical term or geographic name entry element LEAN CONSTRUCTION
651 #4 - SUBJECT ADDED ENTRY--GEOGRAPHIC NAME
Geographic name ENGLAND AND WALES
690 ## - LOCAL SUBJECT ADDED ENTRY--TOPICAL TERM (OCLC, RLIN)
Topical term or geographic name as entry element Procurement
9 (RLIN) 6260
856 40 - ELECTRONIC LOCATION AND ACCESS
Uniform Resource Identifier <a href="https://www.vlebooks.com/">https://www.vlebooks.com/</a>
Public note View on VLEbooks. Logins for members only from [email protected]
942 ## - ADDED ENTRY ELEMENTS (KOHA)
Suppress in OPAC 0
Source of classification or shelving scheme Dewey Decimal Classification
Holdings
Withdrawn status Lost status Source of classification or shelving scheme Damaged status Not for loan Home library Current library Shelving location Date acquired Total Checkouts Full call number Barcode Date last seen Copy number Price effective from Koha item type
    Dewey Decimal Classification     London London Books 06/04/2018   692.8 ASH 30078937 06/08/2019 1 06/08/2019 Book
    Dewey Decimal Classification     Virtual Virtual Online 04/10/2018   ONLINE PUBLICATION 159932-2001 06/08/2019 1 06/08/2019 Book